000 00465nam a2200181Ia 4500
008 230524s9999 xx 000 0 und d
020 _a9780071072540
082 _a320.4021
_bCEN
100 _a"Cengel, Yunus A "
245 0 _aThermodynamics: An Engineering Approach
250 _a6
260 _aNew Delhi
_bTMH
_c2013
300 _axvii;978p.
500 _aQuantity Number: 11
650 _aThermodynamics
700 _a"Boles, Michael A "
942 _cBK
999 _c52408
_d52408